000 00745nam a2200229Ia 4500
003 OSt
005 20250722104839.0
008 220922b |||||||| |||| 00| 0 san d
020 _a9788171105502 (hbk)
037 _cTB
040 _aARTS
_cARTS
_bsan
041 _2san
_asan
084 _aR635x1,1, 152Q6
_qTB
100 _aपतन्जलि, ले.
_9816268
245 0 _aयोगसूत्र
246 _aYogasūtra
260 _aदिल्ली,
_b परिमल पब्लिकेशन्स,
_c2015.
300 _a687पृ0
_ccm.
650 _aयोग
942 _hR635x1,1, 152Q6
_cTB
_2CC
_n0
999 _c297296
_d297296